Nghiên cứu chiết tách và xác định thành phần hóa học của cây Muống Biển IPOMOEA PES-CAPRAE L.

Tallennettuna:
Bibliografiset tiedot
Päätekijä: Ngô Thị Thu Hiền
Muut tekijät: Võ Kim Thành (hướng dẫn)
Aineistotyyppi: Kirja
Kieli:Vietnamese
Julkaistu: Đà Nẵng Trường Đại học Sư phạm 2012
Aiheet:
Tagit: Lisää tagi
Ei tageja, Lisää ensimmäinen tagi!
Thư viện lưu trữ: Mạng thư viện Đại học Đà Nẵng
LEADER 01443nam a2200337 4500
001 000017520
003 13938
005 20130423140402.0
008 130423s2012 viesd
041 |a vie 
082 1 4 |a 664.8022  |b NG-H 
100 1 |a Ngô Thị Thu Hiền 
245 1 0 |a Nghiên cứu chiết tách và xác định thành phần hóa học của cây Muống Biển IPOMOEA PES-CAPRAE L.  |c Ngô Thị Thu Hiền ; Hướng dẫn Võ Kim Thành  |k Báo cáo khoa học 
260 |a Đà Nẵng  |b Trường Đại học Sư phạm  |c 2012 
300 |a 21 tr.  |b ảnh m.họa  |c 30 cm. 
500 |a Công trình tham gia hội nghị sinh viên nghiên cứu khoa học Trường Đại học Sư phạm năm 2012. Khoa Hóa học 
650 0 4 |a Cây Muống biển  |v Báo cáo khoa học  |x Chiết tách  |z Đà Nẵng 
653 |a Nghiên cứu khoa học 
653 |a Hóa học 
700 1 |a Võ Kim Thành  |e hướng dẫn 
OWN |a LSP 
AVA |a UDN50  |b LSP  |d 664.8022 NG-H  |e available  |t Error 5001 Not defined in file expand_doc_bib_avail.  |f 1  |g 0  |h N  |i 0  |k 1 
999 |a From the UDN01 
AVA |a UDN50  |b LSP  |d 664.8022 NG-H  |e available  |t Error 5001 Not defined in file expand_doc_bib_avail.  |f 1  |g 0  |h N  |i 0  |k 1 
TYP |a Mixed Materials 
TYP |a Monograph 
TYP |a Printed language 
980 |a Mạng thư viện Đại học Đà Nẵng